[Event "ch-NED U21"]
[Site "Venlo NED"]
[Date "2008.04.25"]
[Round "1"]
[White "Miedema,R"]
[Black "Hortensius,N"]
[Result "1-0"]
[WhiteElo "2281"]
[BlackElo "1990"]

1.d4 d5 2.c4 c6 3.Nf3 Nf6 4.Qc2 e6 5.Nbd2 Nbd7 6.g3 Bd6 7.Bg2 O-O 8.O-O e5
9.cxd5 Nxd5 10.Nc4 Qc7 11.Nxd6 Qxd6 12.Rd1 exd4 13.Rxd4 Qc5 14.Rc4 Qd6 15.e4 N5b6
16.Rd4 Qc5 17.Qxc5 Nxc5 18.b3 Re8 19.Nh4 Bd7 20.Ba3 Ne6 21.Rd2 Ng5 22.Bc5 Bc8
23.Rad1 f6 24.f4 Nf7 25.Nf3 Bg4 26.h3 Bxf3 27.Bxf3 Rad8 28.a4 Rxd2 29.Rxd2 Rd8
30.Rxd8+ Nxd8 31.Bg4 Kf7 32.a5 Na8 33.Bxa7 Ne6 34.Bb8 Ke7 35.b4 c5 36.Bxe6 Kxe6
37.bxc5 Kd7 38.Kf2 Kc6 39.Bd6 b6 40.axb6 Nxb6 41.cxb6  1-0

[Event "Open"]
[Site "Halkidiki GRE"]
[Date "2008.04.29"]
[Round "1"]
[White "Grivas,E"]
[Black "Osmanoglou,H"]
[Result "1-0"]
[WhiteElo "2498"]
[BlackElo "2144"]

1.d4 d5 2.c4 c6 3.Nf3 Nf6 4.Nbd2 Bf5 5.Nh4 Bg4 6.h3 Bh5 7.g4 Bg6 8.Nxg6 hxg6
9.Bg2 e6 10.e4 dxe4 11.Nxe4 Bb4+ 12.Nc3 Nbd7 13.Qb3 Qb6 14.Be3 Ba5 15.g5 Nh5
16.d5 Qxb3 17.axb3 Bxc3+ 18.bxc3 exd5 19.cxd5 Ne5 20.dxc6 Nxc6 21.b4 a6 22.b5 Nd8
23.Kd2 Kd7 24.Rhb1 Kc7 25.bxa6 Rxa6 26.Rxb7+ Nxb7 27.Rxa6 Rd8+ 28.Kc2 Rd7
29.Bb6+ Kb8 30.Bd4  1-0

[Event "IX EICC"]
[Site "Plovdiv BUL"]
[Date "2008.04.29"]
[Round "8"]
[White "Kourousis,E"]
[Black "Lintchevski,D"]
[Result "0-1"]
[WhiteElo "2191"]
[BlackElo "2450"]

1.d4 d5 2.c4 c6 3.Nf3 Nf6 4.Nbd2 Bf5 5.Nh4 Be4 6.e3 e6 7.Be2 h6 8.Nhf3 Nbd7
9.Nxe4 Nxe4 10.O-O Bd6 11.Nd2 Nxd2 12.Bxd2 O-O 13.Bd3 Qe7 14.Qe2 e5 15.cxd5 cxd5
16.e4 Rae8 17.exd5 e4 18.Bb5 a6 19.Bxd7 Qxd7 20.f3 e3 21.Bc3 f5 22.f4 Re4
23.g3 Qf7 24.Rae1 Qxd5 25.Qf3 Qe6 26.Re2 Re8 27.Rfe1 Bc7 28.Kg2 Bb6 29.h4 Kh7
30.a3 Ba7 31.Kh2 b5 32.b4 Bb6 33.Kg2 Bd8 34.Kh2 Bf6 35.Kg2 Qe7 36.Kh3 Qe6
37.d5 Qxd5 38.Bxf6 gxf6 39.Rxe3 Qe6 40.Qh5 Rg8 41.Qe2 Rg7 42.Kh2 Re7 43.Rxe4 fxe4
44.Qh5 f5 45.Qe2 Qb3 46.Qh5 Qe6 47.Qe2 Rg7 48.Qh5 Qg6 49.Qxg6+ Kxg6 50.Rc1 Re7
51.Kg2 Kh5 52.Kf2 Kg4 53.Ke3 Rd7 54.Rc6 Rd3+ 55.Ke2 Kxg3  0-1

[Event "IX EICC"]
[Site "Plovdiv BUL"]
[Date "2008.04.29"]
[Round "8"]
[White "Orlov,O2"]
[Black "Vegh,E"]
[Result "1/2-1/2"]
[WhiteElo "2285"]
[BlackElo "2278"]

1.Nf3 Nf6 2.c4 c6 3.g3 d5 4.d4 dxc4 5.Bg2 b5 6.O-O Bb7 7.a4 e6 8.Ne5 Qc8
9.b3 cxb3 10.Qxb3 a6 11.Ba3 Bxa3 12.Qxa3 Nfd7 13.Nc3 c5 14.Bxb7 Qxb7 15.axb5 Nxe5
16.dxe5 Qc7 17.Ne4 Nd7 18.Rfc1 O-O 19.Nxc5 Nxc5 20.Rxc5 Qb6 21.Qe3 Qb7 22.bxa6 Rxa6
23.Rac1 Ra2 24.h4 Qa6 25.R5c4 Ra1 26.Rxa1 Qxc4 27.Rd1 h6 28.Kh2 Rb8 29.Rd4 Qc7
30.Rg4  1/2-1/2

[Event "Open"]
[Site "Halkidiki GRE"]
[Date "2008.04.30"]
[Round "3"]
[White "Grivas,E"]
[Black "Ketzetzis,G"]
[Result "1-0"]
[WhiteElo "2498"]
[BlackElo "2068"]

1.d4 d5 2.c4 c6 3.Nf3 Nf6 4.Nbd2 Bf5 5.Nh4 Bg6 6.Qb3 Qc7 7.Nxg6 hxg6 8.g3 e6
9.Bg2 Nbd7 10.O-O Be7 11.e4 dxe4 12.Nxe4 Nxe4 13.Bxe4 O-O 14.Be3 e5 15.dxe5 Nc5
16.Bxc5 Bxc5 17.e6 fxe6 18.Rae1 Rf6 19.Kg2 Raf8 20.Re2 Qf7 21.f3 g5 22.Qc3 g4
23.f4 Qh5 24.Kh1 e5 25.b4 Bd4 26.Qd3 exf4 27.Qxd4 fxg3 28.Rxf6 Rxf6 29.Qg1 Qh3
30.Bg2 gxh2 31.Re8+ Kf7 32.Qe1  1-0

[Event "IX EICC"]
[Site "Plovdiv BUL"]
[Date "2008.04.30"]
[Round "9"]
[White "Ivanov,L"]
[Black "Fragakis,E"]
[Result "0-1"]
[WhiteElo "2020"]
[BlackElo "2133"]

1.d4 d5 2.c4 c6 3.Nf3 Nf6 4.g3 dxc4 5.Qc2 b5 6.a4 Bb7 7.Bg2 e6 8.O-O Nbd7
9.b3 cxb3 10.Qxb3 a6 11.Rd1 Qb6 12.Nbd2 c5 13.Rb1 Bd5 14.Qb2 Rb8 15.e4 Nxe4
16.Nxe4 Bxe4 17.Ne5 Nxe5 18.Bxe4 Nc4 19.Qe2 cxd4 20.Bg5 Be7 21.Rdc1 Bxg5
22.Rxc4 O-O 23.Qh5 f5 24.Qxg5 fxe4 25.a5 Qd6 26.Rc5 Rbc8 27.Rbc1 Rxc5 28.Qxc5 Qxc5
29.Rxc5 d3 30.Kf1 e3 31.f4 Rd8  0-1

[Event "IX EICC"]
[Site "Plovdiv BUL"]
[Date "2008.05.01"]
[Round "10"]
[White "Orlov,O2"]
[Black "Lubczynski,R"]
[Result "1/2-1/2"]
[WhiteElo "2285"]
[BlackElo "2418"]

1.Nf3 Nf6 2.c4 c6 3.d4 d5 4.Qc2 g6 5.Bf4 Bg7 6.e3 O-O 7.Bd3 Na6 8.a3 dxc4
9.Bxc4 Bf5 10.Qe2 Qa5+ 11.Qd2 Qb6 12.Nc3 Ne4 13.Nxe4 Bxe4 14.b4 Rad8 15.Qa2 Bxf3
16.gxf3 Nc7 17.Bxc7 Qxc7 18.f4 e6 19.Ke2 a5 20.Qb3 Ra8  1/2-1/2

[Event "Open"]
[Site "Halkidiki GRE"]
[Date "2008.05.03"]
[Round "6"]
[White "Vragoteris,A"]
[Black "Malikentzos,S"]
[Result "1-0"]
[WhiteElo "2317"]
[BlackElo "2043"]

1.d4 d5 2.c4 c6 3.Nf3 Nf6 4.Nbd2 Bf5 5.Nh4 Bg6 6.Qb3 Qb6 7.Qh3 Nbd7 8.Nxg6 fxg6
9.e3 O-O-O 10.Bd3 Kb8 11.c5 Qc7 12.Qe6 Qc8 13.Nf3 Ng8 14.Ng5 Nh6 15.b4 Nf6
16.b5 Qxe6 17.Nxe6 Rc8 18.Rb1 Nf7 19.f3 Ka8 20.Bd2 Nd8 21.Nxd8 Rxd8 22.bxc6 bxc6
23.Ba5 Rb8 24.Rxb8+ Kxb8 25.Ba6  1-0

[Event "Mayors Cup Open"]
[Site "Mumbai IND"]
[Date "2008.05.11"]
[Round "1"]
[White "Gokhale,C"]
[Black "Chandi,S"]
[Result "1-0"]
[WhiteElo "2321"]
[BlackElo "1732"]

1.d4 d5 2.c4 c6 3.Nf3 Nf6 4.Qc2 g6 5.g3 Bg7 6.Bg2 a6 7.O-O O-O 8.a4 Bf5 9.Qb3 Ra7
10.Bf4 dxc4 11.Qxc4 Nbd7 12.a5 Nd5 13.Nc3 Be6 14.Qd3 Nxf4 15.gxf4 Qc7 16.e3 Raa8
17.Rfc1 Rad8 18.Ng5 Bf5 19.Qc4 Nf6 20.b4 h6 21.Nf3 Qd6 22.Ne5 Be6 23.Qe2 Bc8
24.Nc4 Qe6 25.Nb6 Qd6 26.Nca4 Qxb4 27.Nc5 Nd5 28.Rcb1 Nc3 29.Qe1 Qxb1 30.Rxb1 Nxb1
31.Qxb1 Bf5 32.Qb4 e5 33.fxe5 Bxe5 34.Nxb7 c5 35.Qxc5 Rc8 36.dxe5 Rxc5 37.Nxc5 Bc8
38.Bf1  1-0

[Event "Kaupthing Open"]
[Site "Differdange LUX"]
[Date "2008.05.12"]
[Round "4"]
[White "Gharamian,T"]
[Black "Nezar,M"]
[Result "1-0"]
[WhiteElo "2554"]
[BlackElo "2397"]

1.d4 d5 2.Nf3 Nf6 3.c4 c6 4.Qc2 dxc4 5.e4 b5 6.b3 cxb3 7.axb3 e6 8.Bd2 a5
9.Bd3 Be7 10.O-O h6 11.Nc3 O-O 12.e5 Nd5 13.Nxd5 cxd5 14.Qc1 Ra7 15.Bb1 Rc7
16.Qd1 Bb4 17.Rxa5 Bxa5 18.Bxa5 Bd7 19.h4 Nc6 20.Qd3 g6 21.Bxc7 Qxc7 22.h5 Be8
23.Nh2 Qe7 24.Ng4 Qg5 25.Nf6+ Kg7 26.f4 Qh4 27.hxg6 fxg6 28.Nxe8+ Rxe8 29.Qxg6+ Kf8
30.g3 Qh3 31.f5 Ne7 32.Qf6+ Kg8 33.Qxe6+ Kh8 34.Qf6+ Kg8 35.Qh4 Qxh4 36.gxh4 Nc6
37.f6 Kf7 38.h5 Ra8 39.Bg6+ Ke6 40.Bf5+ Kf7 41.Rf4 Ra3 42.Bd7 Nd8 43.e6+ Nxe6
44.Bxe6+ Kxe6 45.f7  1-0

[Event "Mayors Cup Open"]
[Site "Mumbai IND"]
[Date "2008.05.12"]
[Round "2"]
[White "Arun Prasad,S"]
[Black "Swati,M"]
[Result "1-0"]
[WhiteElo "2465"]
[BlackElo "2114"]

1.d4 d5 2.Nf3 Nf6 3.c4 c6 4.Nbd2 Bf5 5.Nh4 Bg6 6.Qb3 Qc8 7.g3 e6 8.Bg2 Be7
9.Nxg6 hxg6 10.e4 dxe4 11.Nxe4 Nbd7 12.Nxf6+ Nxf6 13.Bf4 O-O 14.O-O Rd8 15.Rad1 Bd6
16.Bg5 Qc7 17.h4 e5 18.c5 Bf8 19.dxe5 Qxe5 20.Qxb7 Rab8 21.Qxc6 Rxd1 22.Rxd1 Rxb2
23.Be3 Rxa2 24.Bf3 Kh7 25.Qc8 Be7 26.Bd4 Qf5 27.Qxf5 gxf5 28.Rc1 Bd8 29.Be5 Ra5
30.Bf4 Ne8 31.Bd5 Kg6 32.h5+ Kf6 33.Bd2 Rb5 34.Bc6  1-0

[Event "Mayors Cup Open"]
[Site "Mumbai IND"]
[Date "2008.05.12"]
[Round "3"]
[White "Thejkumar,M"]
[Black "Nimmy,A"]
[Result "1-0"]
[WhiteElo "2414"]
[BlackElo "2217"]

1.d4 d5 2.c4 c6 3.Nf3 Nf6 4.Qc2 Bg4 5.Ne5 e6 6.Nxg4 Nxg4 7.e3 Bd6 8.g3 Nd7
9.Bg2 O-O 10.O-O dxc4 11.Nd2 Nb6 12.Nxc4 Nxc4 13.Qxc4 Nf6 14.e4 Nd7 15.Be3 e5
16.Rfd1 Qe7 17.Qb3 exd4 18.Rxd4 Nc5 19.Qc2 Ne6 20.Rd2 Bc5 21.Bxc5 Qxc5 22.Qxc5 Nxc5
23.Rc1 Ne6 24.Rd7 Rab8 25.f4 Rfd8 26.Rcd1 Kf8 27.Kf2 Ke8 28.Rxd8+ Rxd8 29.Rxd8+ Kxd8
30.e5 g6 31.Ke3 h5 32.b4 Ke7 33.Be4 Nc7 34.Kd4 Ke6 35.a4 Kd7 36.Bc2 Ne6+
37.Ke4 c5 38.bxc5 Nxc5+ 39.Kd5 Ne6 40.f5 gxf5 41.Bxf5 Ke7 42.Bxe6 fxe6+ 43.Kc5 Kf7
44.Kd6 b6 45.Kc7 Kg6 46.Kb7 a5 47.Kxb6 Kf5 48.Kxa5 Kxe5 49.Kb6 Kd4 50.a5 e5
51.a6 e4 52.a7 e3 53.a8=Q  1-0

[Event "Mayors Cup Open"]
[Site "Mumbai IND"]
[Date "2008.05.12"]
[Round "3"]
[White "Saurabh,K"]
[Black "Uttam,R"]
[Result "1-0"]
[WhiteElo "2259"]
[BlackElo "1853"]

1.d4 d5 2.Nf3 Nf6 3.c4 c6 4.Qc2 e6 5.Bg5 Nbd7 6.e3 Bd6 7.Nc3 O-O 8.cxd5 exd5
9.Bd3 Qc7 10.O-O-O b5 11.Kb1 b4 12.Na4 a5 13.Rc1 Ba6 14.Bxf6 Bxd3 15.Qxd3 Nxf6
16.Nd2 Rfe8 17.Rc2 Qb7 18.h3 Rac8 19.Rhc1 Rc7 20.g4 Bf8 21.Nb3 Ra8 22.Nbc5 Qb5
23.g5 Bxc5 24.Qxb5 cxb5 25.Nxc5 Ne8 26.Nb3 Rc4 27.Nd2 Rac8 28.Nxc4 dxc4 29.e4 Nd6
30.f3 a4 31.b3 c3 32.d5 Kf8 33.Rd1 f5 34.gxf6 gxf6 35.Rd4 a3 36.Rxb4 Rc5
37.Rd4 Rc7 38.Rg2 Rb7 39.Rb4 Nf7 40.f4 Nd6 41.Kc2 f5 42.e5 Ne4 43.d6 Kf7
44.Rxe4 fxe4 45.Kxc3 Ke6 46.Kd4 Kf5 47.Kd5 e3 48.e6 Kxf4 49.e7 Kf3 50.Rc2  1-0

[Event "III President's Cup"]
[Site "Baku AZE"]
[Date "2008.05.13"]
[Round "2"]
[White "Abbasov,F"]
[Black "Bajarani,U"]
[Result "1-0"]
[WhiteElo "2528"]
[BlackElo "2234"]

1.d4 d5 2.c4 c6 3.Nf3 Nf6 4.Qb3 dxc4 5.Qxc4 Bf5 6.Nc3 Nbd7 7.g3 e6 8.Bg2 Be7
9.O-O O-O 10.Re1 Ne4 11.Qb3 Qb6 12.Nh4 Qxb3 13.axb3 Bxh4 14.gxh4 Nef6 15.e4 Bg6
16.Bf4 Rfe8 17.Bd6 a6 18.d5 cxd5 19.exd5 e5 20.b4 e4 21.f3 exf3 22.Bxf3 Bh5
23.Bg2 Ng4 24.Rxe8+ Rxe8 25.Bc7 Ne3 26.Re1 f5 27.Bh1 Nc2 28.Rxe8+ Bxe8 29.d6 Nxb4
30.Bxb7 Nc5 31.Bf3 Bc6 32.Bd1 Ncd3 33.Ba5 Kf8 34.Na2  1-0

[Event "11th IHEM"]
[Site "Hamburg GER"]
[Date "2008.05.13"]
[Round "4"]
[White "Iotov,V"]
[Black "Pajeken,W"]
[Result "1/2-1/2"]
[WhiteElo "2531"]
[BlackElo "2345"]

1.d4 d5 2.Nf3 c6 3.c4 dxc4 4.Nc3 b5 5.a4 b4 6.Ne4 Nf6 7.Nxf6+ exf6 8.e3 Be6
9.Bd2 Nd7 10.Rc1 Qa5 11.Bxc4 Nb6 12.Bxe6 fxe6 13.Rxc6 Kd7 14.Qc1 Bd6 15.O-O Qd5
16.Rc2 b3 17.Rc5 Bxc5  1/2-1/2

[Event "Mayors Cup Open"]
[Site "Mumbai IND"]
[Date "2008.05.14"]
[Round "5"]
[White "Gagunashvili,M"]
[Black "Nimmy,A"]
[Result "1-0"]
[WhiteElo "2553"]
[BlackElo "2217"]

1.d4 d5 2.c4 c6 3.Nf3 Nf6 4.Qc2 dxc4 5.Qxc4 Bf5 6.g3 Nbd7 7.Bg2 e6 8.O-O Be7
9.Nc3 O-O 10.Qb3 Qb6 11.Nd2 Qxd4 12.Qxb7 Rab8 13.Qxc6 Rfc8 14.Qa6 Bc2 15.Nf3 Qc5
16.Be3 Qb4 17.Nd4 Qxb2 18.Nc6 Rxc6 19.Qxc6 Nb6 20.Qc7 Rc8 21.Qxe7 Qxc3 22.Qxa7 Nbd5
23.Bd4 Qc4 24.Bxf6 gxf6 25.Bxd5 Qxd5 26.Qe3 Bf5 27.Rfd1 Qb7 28.Rd2 Kg7 29.f3 Qb4
30.Rad1 Rc3 31.Qf4 Rc4 32.Qd6 Qc3 33.Kf2 Bc2 34.Rg1 e5 35.Rd5 e4 36.g4 e3+
37.Kg3 Rc6 38.Qb8 Rc8 39.Qb5 Qc7+ 40.f4 Be4 41.Rd7 Qc2 42.Qb3 Qxb3 43.axb3 Rc3
44.Ra1 Rxb3 45.Raa7 Rb1 46.Rxf7+ Kg6 47.Rad7 Rg1+ 48.Kh4 Rg2 49.Rd6 Rxh2+
50.Kg3  1-0

[Event "III President's Cup"]
[Site "Baku AZE"]
[Date "2008.05.16"]
[Round "5"]
[White "Ibrahimov,R"]
[Black "Gasanov,A"]
[Result "1-0"]
[WhiteElo "2535"]
[BlackElo "2209"]

1.Nf3 d5 2.d4 Nf6 3.c4 c6 4.Qc2 Na6 5.a3 dxc4 6.Qxc4 Be6 7.Qc2 Qa5+ 8.Bd2 Qf5
9.Qxf5 Bxf5 10.Nc3 Nc7 11.Rc1 e6 12.Nh4 Be7 13.Nxf5 exf5 14.g3 Ne6 15.e3 O-O
16.Bg2 Rfd8 17.Ke2 Rd7 18.Rhd1 Rad8 19.b4 Nc7 20.Be1 Bf8 21.Na4 Nb5 22.Rd3 Nd5
23.Nc5 Bxc5 24.bxc5 Re8 25.Rb1 Nf6 26.Kf1 a6 27.h3 h5 28.Rdb3 Ree7 29.Ba5 Na7
30.f3 g6 31.Kf2 Kf8 32.a4 Nc8 33.Bf1 Kg7 34.Be2 Kf8 35.Bd3 Kg8 36.Bc2 Kf8
37.Rg1 Re6 38.Rgb1 Ree7 39.Bd3 Kg7 40.Bc4 Na7 41.Bc3 Nd5 42.Bb2 Kf8 43.Ke2 Kg8
44.Kd2 Nc8 45.Bc1 Nf6 46.Kd3 Kg7 47.Bd2 Kg8 48.Be1 g5 49.Bd2 g4 50.Rf1 gxh3
51.Rh1 Re8 52.Rxh3 Ne7 53.Kc2 Kg7 54.Bd3 Rg8 55.Kd1 Kf8 56.Ke1 Ke8 57.Ba5 Rg5
58.Kf2 Ned5 59.Rh1 Re7 60.Bd2  1-0

[Event "43rd Capablanca Memorial Open"]
[Site "Havana CUB"]
[Date "2008.05.16"]
[Round "9"]
[White "Cordova,Em"]
[Black "Uribe,M"]
[Result "1-0"]
[WhiteElo "2518"]
[BlackElo "2406"]

1.d4 d5 2.Nf3 c6 3.c4 Nf6 4.Qc2 e6 5.g3 Nbd7 6.Bg2 dxc4 7.Qxc4 Bd6 8.O-O O-O
9.Nc3 e5 10.Bg5 h6 11.Bxf6 Qxf6 12.Rad1 Nb6 13.Qb3 Be6 14.Qc2 Bf5 15.Qc1 Rfe8
16.dxe5 Bxe5 17.Nxe5 Qxe5 18.e4 Bg4 19.f3 Qc5+ 20.Kh1 Be6 21.Rde1 Bc4 22.Rg1 Rad8
23.b3 Be6 24.e5 Bf5 25.f4 Rd3 26.Ne4 Qxc1 27.Rxc1 Bxe4 28.Bxe4 Rd2 29.Rg2 Red8
30.Rxd2 Rxd2 31.Rc2 Rxc2 32.Bxc2 Nd5 33.Kg1 g5 34.fxg5 Ne3 35.Be4 hxg5 36.h3 f6
37.exf6 Kf7 38.a4 Nd1 39.Bf3 Nc3 40.Kf2 Kxf6 41.Ke3 Ke5 42.h4 gxh4 43.gxh4 a5
44.h5 Kf6 45.Kd4 Nxa4 46.Bxc6 Nb6 47.Kc5 a4 48.Bxa4 Na8 49.Bc6 Nc7 50.Bxb7 Ne6+
51.Kc4 Kg7 52.Bf3 Nc7 53.b4 Kh6 54.Be2 Kg5 55.Bf3 Kh6 56.Bd1 Kg5 57.Be2 Kh6
58.Kd4 Kg5 59.Ke5 Kh6 60.Kd6 Ne8+ 61.Kc6  1-0

[Event "TCh-ISR"]
[Site "Israel ISR"]
[Date "2008.05.16"]
[Round "8"]
[White "Eljanov,P"]
[Black "Deutsch,E"]
[Result "1-0"]
[WhiteElo "2687"]
[BlackElo "2405"]

1.d4 d5 2.c4 c6 3.Nf3 dxc4 4.e3 Be6 5.Nc3 Nf6 6.a4 Bg4 7.Bxc4 e6 8.a5 Be7
9.h3 Bh5 10.g4 Bg6 11.h4 Nd5 12.h5 Nxc3 13.bxc3 Be4 14.Bd3 Bxd3 15.Qxd3 Nd7
16.e4 Qc7 17.Be3 c5 18.g5 O-O-O 19.Ke2 g6 20.hxg6 hxg6 21.Rxh8 Rxh8 22.d5 exd5
23.Qxd5 Rf8 24.Rb1 Qc6 25.Qxc6+ bxc6 26.Nd2 Nb8 27.Nc4 Na6 28.Ne5 Kc7 29.Rd1 Nb8
30.Bf4 Kc8 31.Rb1  1-0

[Event "Mayors Cup Open"]
[Site "Mumbai IND"]
[Date "2008.05.17"]
[Round "9"]
[White "Vidit,S"]
[Black "Ramesh,R"]
[Result "1/2-1/2"]
[WhiteElo "2337"]
[BlackElo "2472"]

1.d4 d5 2.Nf3 Nf6 3.c4 c6 4.Qc2 dxc4 5.Qxc4 Bg4 6.Nbd2 Nbd7 7.g3 e6 8.Bg2 Be7
9.O-O Bh5 10.b3 O-O 11.Bb2 a5 12.a3 h6 13.Rad1 Rc8 14.h3 b5 15.Qc1 c5 16.Qa1 cxd4
17.Bxd4 Qc7 18.Rc1 Qb8 19.g4  1/2-1/2

[Event "Mayors Cup Open"]
[Site "Mumbai IND"]
[Date "2008.05.17"]
[Round "9"]
[White "Joshi,P"]
[Black "Shiven,K"]
[Result "1-0"]
[WhiteElo "2284"]
[BlackElo "2086"]

1.d4 d5 2.c4 c6 3.Nf3 Nf6 4.Qc2 dxc4 5.e4 b5 6.b3 cxb3 7.axb3 e6 8.Bd2 a5
9.Bd3 Bb7 10.O-O Be7 11.Nc3 Na6 12.e5 Nb4 13.Qb1 Nfd5 14.Ne4 Nxd3 15.Qxd3 h6
16.Rfc1 O-O 17.Nc5 Bxc5 18.Rxc5 a4 19.bxa4 bxa4 20.Rcc1 Ne7 21.Bb4 Re8 22.Bc5 Ba6
23.Qe4 Bb5 24.Ra3 Qd5 25.Qc2 Ng6 26.g3 Nf8 27.Nd2 Nd7 28.Qe4 Rec8 29.Qf4 Rd8
30.Be7 Re8 31.Bd6 f5 32.exf6 Qf5 33.fxg7 Qxf4 34.Bxf4 Kxg7 35.Nc4 Nf6 36.Nd6 Red8
37.h3 Ra7 38.Be5 Kg6 39.g4 Nd7 40.Bg3 Nb6 41.Re1 Nc4 42.Rxe6+ Kh7 43.Nxc4 Bxc4
44.Rxc6 Rxd4 45.Be5 Rd1+ 46.Kh2 Bd5 47.Rf6 Rh1+ 48.Kg3 Bb3 49.Rb6 Rd7 50.Raxb3 axb3
51.Rxb3 Re7 52.Bf4 Rd7 53.Rb6 Rd3+ 54.Be3 Kg7 55.h4 Rg1+ 56.Kf3 Rh1 57.h5 Rg1
58.Rg6+ Kf7 59.Rxh6 Rb1 60.Ra6 Rb7 61.g5 Rd5 62.g6+  1-0

[Event "Mayors Cup Open"]
[Site "Mumbai IND"]
[Date "2008.05.18"]
[Round "10"]
[White "Krasenkow,M"]
[Black "Abdulla,AlR"]
[Result "1-0"]
[WhiteElo "2624"]
[BlackElo "2514"]

1.Nf3 d5 2.d4 Nf6 3.c4 c6 4.Qb3 e6 5.g3 dxc4 6.Qxc4 b5 7.Qc2 Bb7 8.Bg2 c5
9.dxc5 Na6 10.O-O Bxc5 11.Nc3 Rc8 12.Bg5 O-O 13.Bxf6 Qxf6 14.Ng5 Qxg5 15.Bxb7 Nb4
16.Qe4 Rcd8 17.Rad1 Qe7 18.a3 f5 19.Qf3 Nc2 20.Nxb5 Bxf2+ 21.Qxf2 Qxb7 22.Nxa7 Qxb2
23.Rxd8 Rxd8 24.Nc6 Re8 25.e4 Qc3 26.exf5 exf5 27.Qxf5 Qe3+ 28.Kh1 Qe4+ 29.Qxe4 Rxe4
30.a4 Rxa4 31.Ne7+  1-0

[Event "LXXII ch-CRC Fase 1"]
[Site "Moravia CRC"]
[Date "2008.05.21"]
[Round "5"]
[White "Ugalde,R"]
[Black "Campos,Ro"]
[Result "1/2-1/2"]
[WhiteElo "2142"]
[BlackElo "2040"]

1.d4 d5 2.c4 c6 3.Nf3 Nf6 4.g3 g6 5.Bg2 Bg7 6.O-O O-O 7.e3 e6 8.a3 a6 9.Nc3 Nbd7
10.Re1 Re8  1/2-1/2

[Event "11th North American FIDE Inv"]
[Site "Chicago USA"]
[Date "2008.05.22"]
[Round "8"]
[White "Bartell,T"]
[Black "Monokroussos,D"]
[Result "1/2-1/2"]
[WhiteElo "2365"]
[BlackElo "2327"]

1.d4 d5 2.Nf3 Nf6 3.c4 c6 4.Qc2 dxc4 5.Qxc4 Bf5 6.g3 e6 7.Bg2 Nbd7 8.Nc3 Be7
9.O-O O-O 10.Re1 Ne4 11.Bf4 Nxc3 12.bxc3 Be4 13.Qb3 c5 14.Rac1 Rc8 15.Ne5 Bxg2
16.Kxg2 Nxe5 17.Bxe5 Qd5+ 18.e4 Qxb3 19.axb3 Rfd8 20.dxc5 Bxc5 21.Red1 f6
22.Bf4 e5 23.Bd2 Kf7 24.Kf1 Ke6 25.Ke2 Bb6 26.f3 Rc6 27.Be1 Rcd6 28.Rxd6+ Rxd6
29.Ra1  1/2-1/2

[Event "XXVII Open"]
[Site "Zalakarosi HUN"]
[Date "2008.05.23"]
[Round "2"]
[White "Lizak,P"]
[Black "Waller,H"]
[Result "1-0"]
[WhiteElo "2226"]
[BlackElo "2122"]

1.d4 d5 2.c4 c6 3.Nf3 Nf6 4.g3 Bg4 5.Bg2 Nbd7 6.b3 e6 7.O-O Be7 8.Bb2 O-O
9.Nbd2 Bh5 10.Re1 Ne4 11.Ne5 Bb4 12.Nxd7 Qxd7 13.Nxe4 dxe4 14.Rf1 Bg6 15.a3 Be7
16.Qc1 Rac8 17.Qc3 f6 18.Rad1 Rfd8 19.Qe3 f5 20.f3 exf3 21.exf3 Bf6 22.Bc3 Bf7
23.Rd2 Qc7 24.f4 c5 25.Rfd1 cxd4 26.Bxd4 Bxd4 27.Rxd4 Rxd4 28.Qxd4 b6 29.Qd7 Qc5+
30.Kh1 a5 31.Qd4 Qxd4 32.Rxd4 Rb8 33.Bc6 Kf8 34.Rd7 Be8 35.Rc7 Bxc6+ 36.Rxc6 Ke7
37.Rc7+ Kf6 38.Kg2 h6 39.h4 g5 40.h5 Rd8 41.Rh7 Rd2+ 42.Kf1 gxf4 43.gxf4 Rh2
44.Rxh6+ Ke7 45.Rh8 Rh4 46.Ke2 Rxf4 47.h6 Rh4 48.h7 Kf7 49.Rb8 Rxh7 50.Rb7+ Kg6
51.Rxh7 Kxh7 52.b4 Kg7 53.c5 axb4 54.axb4 bxc5 55.b5  1-0

[Event "Mitropa Cup m"]
[Site "Olbia ITA"]
[Date "2008.05.25"]
[Round "1"]
[White "Gonda,L"]
[Black "Benitah,Y"]
[Result "1/2-1/2"]
[WhiteElo "2509"]
[BlackElo "2425"]

1.d4 d5 2.c4 c6 3.Nf3 Nf6 4.Qb3 e6 5.g3 Be7 6.Bg2 O-O 7.O-O b5 8.cxb5 cxb5
9.Ne5 b4 10.Bg5 a5 11.Nd2 Bb7 12.Rfc1 Qb6 13.Ndf3 h6 14.Bxf6 Bxf6 15.e3 a4
16.Qc2 Ra7 17.Bf1 Be7 18.Bd3 Ba6 19.Bxa6 Rxa6 20.Ne1 Bd6 21.N1d3 Rd8 22.Qd1 Ra7
23.b3 axb3 24.axb3 Rxa1 25.Rxa1 Nc6 26.Nxc6 Qxc6 27.Qc1 Qb5 28.Qc2 g6 29.Rc1 Rb8
30.Nb2 Kg7 31.Qc6 Qxc6 32.Rxc6 Be7 33.g4 Kf8 34.Kg2 Ke8 35.Na4 Kd7 36.Rc1 Kd8
37.Kf3 Rc8 38.Rxc8+ Kxc8 39.e4 Kc7 40.exd5 exd5 41.Nb2 Bd6 42.h3 Kd7 43.Nd3 Ke6
44.Ke3 Kf6 45.f4 g5 46.Kf3 Ke7 47.fxg5 hxg5 48.Ne1 Ke6 49.Nc2 Be7 50.Ne3 Bf6
51.Nf5 Bd8 52.Kg2 Kd7 53.Ne3 Ke6 54.Nc2 Be7 55.Ne1 Bd8 56.Nf3 f5 57.Ne5 fxg4
58.hxg4  1/2-1/2

[Event "XXVII Open"]
[Site "Zalakarosi HUN"]
[Date "2008.05.27"]
[Round "6"]
[White "Bacso,G"]
[Black "Madl,I"]
[Result "0-1"]
[WhiteElo "2125"]
[BlackElo "2379"]

1.d4 d5 2.c4 c6 3.Nf3 Nf6 4.Qb3 dxc4 5.Qxc4 Bf5 6.g3 Nbd7 7.Bg2 e6 8.O-O Be7
9.e3 h6 10.Rd1 O-O 11.Qe2 Qa5 12.Nc3 Ne4 13.Nxe4 Bxe4 14.Bd2 Qh5 15.Bc3 a5
16.Rd2 b5 17.Ne1 Qxe2 18.Rxe2 Bxg2 19.Kxg2 b4 20.Bd2 c5 21.dxc5 Nxc5 22.e4 Rfd8
23.f3 Bf6 24.Rc1 Rac8 25.b3 Bd4 26.Rc2 e5 27.Be3 Bc3 28.Bxc5 Rxc5 29.Rc1 Rc7
30.Kf1 Rcd7 31.Nc2 Rd2 32.f4 Rxe2 33.Kxe2 Rd2+ 34.Ke3 Rxh2 35.Kd3 Rg2 36.fxe5 Rxg3+
37.Kc4  0-1

[Event "XXX Nezhmetdinov Mem"]
[Site "Kazan RUS"]
[Date "2008.06.05"]
[Round "5"]
[White "Vasilov,A"]
[Black "Burger,Ko"]
[Result "0-1"]
[WhiteElo "2205"]
[BlackElo "2120"]

1.d4 d5 2.c4 c6 3.Nf3 Nf6 4.Qc2 e6 5.g3 Nbd7 6.Bg2 Bd6 7.Nbd2 O-O 8.O-O Qe7
9.b3 e5 10.dxe5 Nxe5 11.Bb2 dxc4 12.Nxc4 Nxc4 13.bxc4 Bg4 14.Nd4 Be5 15.Rfe1 Rad8
16.e3 c5 17.h3 Bc8 18.Nb5 Bxb2 19.Qxb2 b6 20.Nc3 Bb7 21.e4 Qe5 22.Qc2 Rfe8
23.Nd5 Nxd5 24.cxd5 f5 25.exf5 Qxe1+ 26.Rxe1 Rxe1+ 27.Kh2 Rd6 28.Qa4 Re7
29.Qxa7 Red7 30.Qb8+ Kf7 31.Qh8 Rd8  0-1

[Event "58th ch-RUS w HL"]
[Site "Chelyabinsk RUS"]
[Date "2008.06.06"]
[Round "3"]
[White "Ivakhinova,I"]
[Black "Shumiakina,T"]
[Result "1/2-1/2"]
[WhiteElo "2265"]
[BlackElo "2360"]

1.d4 d5 2.c4 c6 3.Nf3 Nf6 4.Qb3 dxc4 5.Qxc4 Bf5 6.g3 e6 7.Bg2 Nbd7 8.O-O Be7
9.Nc3 O-O 10.Re1 Ne4 11.Qb3 Nb6 12.a4 Nxc3 13.bxc3 Be4 14.Nd2 Bxg2 15.Kxg2 Qd5+
16.e4 Qxb3 17.Nxb3 Nc4 18.Nd2 Nxd2 19.Bxd2 Rfd8 20.Be3 b6 21.Kf1 Rd7 22.Ke2 Rc8
23.Reb1 c5 24.a5 cxd4 25.Bxd4 f6 26.axb6 axb6 27.Rxb6 e5 28.Be3 Rxc3 29.Rc1  1/2-1/2

[Event "XXX Nezhmetdinov Mem"]
[Site "Kazan RUS"]
[Date "2008.06.07"]
[Round "7"]
[White "Aleksandrov,A"]
[Black "Alavkin,A"]
[Result "1-0"]
[WhiteElo "2582"]
[BlackElo "2439"]

1.d4 d5 2.c4 c6 3.Nf3 Nf6 4.Qc2 g6 5.Bf4 Bf5 6.Qb3 Qb6 7.c5 Qxb3 8.axb3 Bxb1
9.Rxb1 Ne4 10.e3 Nd7 11.Ra1 a6 12.Bd3 f5 13.b4 Rc8 14.h3 Bg7 15.g4 e6 16.Ke2 O-O
17.g5 Rfe8 18.Rhg1 e5 19.Nxe5 Nxe5 20.Bxe5 Bxe5 21.dxe5 Rxe5 22.f3 Ng3+ 23.Rxg3 f4
24.Rg4 Rxe3+ 25.Kd2 Rxf3 26.h4 Re8 27.Rf1 Ree3 28.Rxf3 Rxf3 29.Be2 Rb3 30.Rxf4 Rxb2+
31.Kd1 Rb3 32.Bg4 Re3 33.Bc8 Re7 34.Kc2 Kg7 35.Kb3 Rc7 36.Be6 Re7 37.Rf6 h6
38.Ka4 d4 39.Kb3 hxg5 40.hxg5 Re8 41.Kc4 Rd8 42.Kd3  1-0

[Event "XXX Nezhmetdinov Mem"]
[Site "Kazan RUS"]
[Date "2008.06.08"]
[Round "8"]
[White "Hojamgulyev,B"]
[Black "Kupreichik,V"]
[Result "0-1"]
[WhiteElo "2256"]
[BlackElo "2414"]

1.d4 d5 2.Nf3 c6 3.c4 dxc4 4.Nc3 Nf6 5.a4 Bf5 6.e3 e6 7.Bxc4 Bb4 8.O-O O-O
9.Qe2 Nbd7 10.Rd1 Bg6 11.Bd3 Qa5 12.Bxg6 hxg6 13.e4 e5 14.dxe5 Nxe5 15.Nxe5 Qxe5
16.f4 Qe6 17.e5 Ng4 18.Ne4 f6 19.h3 Nh6 20.Bd2 Be7 21.Bc3 fxe5 22.fxe5 g5
23.Nd6 g4 24.Qc4 Qxc4 25.Nxc4 Rf4 26.Nd6 gxh3 27.gxh3 Nf7 28.Nxf7 Kxf7 29.Rf1 Rxf1+
30.Rxf1+ Ke6 31.Rf3 Rf8 32.Rg3 g5 33.Kg2 Rf4 34.b3 b5 35.axb5 cxb5 36.Bd2 Rf5
37.Bc3 Bc5 38.Rg4 Rf2+ 39.Kg3 Rc2 40.Bb4 Be3 41.Re4 Bf4+ 42.Kg4 Rg2+ 43.Kh5 Kf5
44.e6 Rh2 45.Kh6 Rxh3+ 46.Kg7 Kxe4 47.e7 Be5+ 48.Kf7 Rh7+ 49.Ke6 Rh8 50.Kd7 g4
51.e8=Q Rxe8 52.Kxe8 g3 53.Bc5 g2  0-1

[Event "Alushta Summer-3"]
[Site "Alushta UKR"]
[Date "2008.06.09"]
[Round "13"]
[White "Shtyrenkov,V"]
[Black "El Gindy,E"]
[Result "1/2-1/2"]
[WhiteElo "2348"]
[BlackElo "2507"]

1.d4 d5 2.c4 c6 3.Nf3 Nf6 4.Qc2 e6 5.Nbd2 Be7 6.g3 O-O 7.Bg2 b6 8.O-O Bb7
9.Rd1 Nbd7 10.b3 c5 11.Bb2 dxc4 12.Nxc4 Be4 13.Qd2 Nd5 14.Nfe5 Bxg2 15.Kxg2 Nxe5
16.dxe5 b5 17.Nd6 Qb6 18.e4 Nc7  1/2-1/2

[Event "III GM"]
[Site "Mysliborz POL"]
[Date "2008.06.11"]
[Round "4"]
[White "Brener,I"]
[Black "Orzech,D"]
[Result "1-0"]
[WhiteElo "2423"]
[BlackElo "2483"]

1.Nf3 d5 2.d4 Nf6 3.c4 c6 4.Qc2 dxc4 5.Qxc4 Bf5 6.g3 e6 7.Bg2 Be7 8.O-O Nbd7
9.Nc3 O-O 10.Re1 Ne4 11.Qb3 Nb6 12.Rd1 Nxc3 13.bxc3 Be4 14.c4 Qc8 15.a4 c5
16.a5 Nd7 17.Ba3 Re8 18.Qe3 Bg6 19.a6 b6 20.dxc5 Bxc5 21.Bxc5 Nxc5 22.Nd4 Rb8
23.Nc6 Ra8 24.Qe5 Kh8 25.Nd4 Rb8 26.Nb5 Re7 27.Bb7 f6 28.Bxc8 fxe5 29.Nxa7 Re8
30.Bd7 Rf8 31.Bb5 Bc2 32.Re1 Be4 33.Nc6 Ra8 34.Nxe5 Ra7 35.f3 Rf5 36.Red1 g5
37.Ng4 Ba8 38.Rd6 h5 39.Nf2 g4 40.Rd8+ Kg7 41.fxg4 hxg4 42.Nxg4 Ne4 43.Rf1 Ng5
44.Rxf5 exf5 45.Ne5 f4 46.Rd7+ Rxd7 47.Nxd7 fxg3 48.hxg3  1-0